00461nam a2200133Ia 4500003000900000005001700009008004100026040002800067110006300095245002500158260008100183300004700264650001600311DO-SdBJH20180418021007.0180414s9999 dr 000 0 spa d aDO-SdBJHbspacDO-SdBJH aInstituto de Cooperación para la Seguridad Hemisférica10aFM 3-0 : Operaciones aFuerte Benning, Georgia : Cuartel General Secretaría del Ejército, 2001 aviii, 290 páginas en varias paginaciones 4aOperaciones